Welcome to CU Library Online Public Access Catalogue (OPAC)

Introduction to the law of torts in Ghana (Record no. 9238)

MARC details
000 -LEADER
fixed length control field 00444nam a22001697a 4500
005 - DATE AND TIME OF LATEST TRANSACTION
control field 20260416160706.0
008 - FIXED-LENGTH DATA ELEMENTS--GENERAL INFORMATION
fixed length control field 260416b |||||||| |||| 00| 0 eng d
020 ## - INTERNATIONAL STANDARD BOOK NUMBER
International Standard Book Number 97899889607806
050 ## - LIBRARY OF CONGRESS CALL NUMBER
Classification number KRX 940
Item number .K96
100 ## - MAIN ENTRY--PERSONAL NAME
Personal name Kumado Kofi
245 ## - TITLE STATEMENT
Title Introduction to the law of torts in Ghana
250 ## - EDITION STATEMENT
Edition statement 2nd edi
260 ## - PUBLICATION, DISTRIBUTION, ETC.
Place of publication, distribution, etc. Accra
Name of publisher, distributor, etc. Black Mask ltd
Date of publication, distribution, etc. c2019
300 ## - PHYSICAL DESCRIPTION
Extent xxvi
700 ## - ADDED ENTRY--PERSONAL NAME
Personal name Kumado Kofi
Relator term Author
942 ## - ADDED ENTRY ELEMENTS (KOHA)
Source of classification or shelving scheme Library of Congress Classification
Koha item type Books
Edition 2nd edi
Suppress in OPAC No
999 ## -
-- 9238
-- 9238
Holdings
Withdrawn status Lost status Source of classification or shelving scheme Damaged status Not for loan Collection Home library Current library Shelving location Date acquired Total checkouts Full call number Barcode Date last seen Copy number Price effective from Koha item type
    Library of Congress Classification     Non-fiction Law Library (Kumasi) Law Library (Kumasi) General stacks 04/16/2026   KRX 940.K96 KUM llk00000185 04/16/2026 1 04/16/2026 Books
    Library of Congress Classification     Non-fiction Law Library (Kumasi) Law Library (Kumasi) General stacks 04/16/2026   KRX 940.K96 KUM llk00000186 04/16/2026 2 04/16/2026 Books
    Library of Congress Classification     Non-fiction Law Library (Kumasi) Law Library (Kumasi) General stacks 04/16/2026   KRX 940.K96 KUM llk00000187 04/16/2026 2 04/16/2026 Books
© 2023-2024 Copyright: Central University Libraries. All Rights Reserved | Created by: Mahone Tech Office